|
|
|
|
| LEADER |
01091nam a2200313 a 4500 |
| 001 |
16507 |
| 003 |
BD-DhAAL |
| 008 |
090406s1999 enk b 001 0 eng d |
| 999 |
|
|
|c 104
|d 104
|
| 010 |
|
|
|a 99048812
|
| 020 |
|
|
|a 0719052106 (hdc)
|
| 020 |
|
|
|a 0719052114 (pbk)
|
| 040 |
|
|
|a DLC
|c DLC
|d DLC
|d BD-DhAAL
|
| 050 |
0 |
0 |
|a NX456.5.P66
|b W66 1999
|
| 082 |
0 |
0 |
|a 149.97
|2 21
|
| 100 |
1 |
|
|a Woods, Tim.
|9 41276
|
| 245 |
1 |
0 |
|a Beginning postmodernism /
|c Tim Woods.
|
| 250 |
|
|
|a First edition (South Asian)
|
| 260 |
|
|
|a Manchester ;
|a New York :
|b Manchester University Press,
|c 1999.
|
| 300 |
|
|
|a p. cm.
|
| 490 |
1 |
|
|a Beginnings
|
| 504 |
|
|
|a Includes bibliographical references and index.
|
| 541 |
1 |
|
|e 16507
|
| 650 |
|
0 |
|a Postmodernism.
|9 41277
|
| 650 |
|
0 |
|a Arts, Modern
|y 20th century.
|9 41278
|
| 830 |
|
0 |
|a Beginnings (Manchester, England)
|9 41279
|
| 852 |
4 |
|
|a Ayesha Abed Library
|j General Stacks
|
| 942 |
|
|
|2 ddc
|c BK
|
| 952 |
|
|
|0 0
|1 4
|2 ddc
|4 0
|6 149_970000000000000_WOO
|7 0
|9 96
|a BRACUL
|b BRACUL
|c GEN
|d 2009-04-28
|g 562.00
|l 0
|o 149.97 WOO
|p 3010016507
|r 2009-04-28
|t 1
|w 2009-04-28
|y BK
|x Koha Inventory 2020
|